LIBRARY & INFORMATION CENTRE, KCAET, TAVANUR

ONLINE PUBLIC ACCESS CATALOGUE (OPAC)

Mahatma, Vol 4 / (Record no. 1168)

MARC details
000 -LEADER
fixed length control field 00407cam a2200169ua 4500
041 ## - LANGUAGE CODE
Language code of text/sound track or separate title eng
082 ## - DEWEY DECIMAL CLASSIFICATION NUMBER
Classification number 923.2
Item number TEN/MA
100 ## - MAIN ENTRY--AUTHOR NAME
Personal name Tendalkar, D.G .
245 ## - TITLE STATEMENT
Title Mahatma, Vol 4 /
260 ## - PUBLICATION, DISTRIBUTION, ETC. (IMPRINT)
Place of publication India :
Name of publisher The publication division ,
Year of publication 1959.
300 ## - PHYSICAL DESCRIPTION
Number of Pages 330 ; .
942 ## - ADDED ENTRY ELEMENTS (KOHA)
Koha item type Books
Holdings
Withdrawn status Lost status Damaged status Home library Current library Date acquired Full call number Accession Number Koha item type
Withdrawn     KAUAET Kelappaji 07/04/2012 923.2 2713 Books
free website counter